ბათუმის შოთა რუსთაველის სახელმწიფო უნივერსიტეტის ბიბლიოთეკა

Расчеты основных процессов и апаратов нефтепереработки. (ბიბ.ჩანაწერი № 37127)

000 -LEADER
fixed length control field 00802nam a2200229Ia 4500
001 - CONTROL NUMBER
control field 3083
003 - CONTROL NUMBER IDENTIFIER
control field GE_BSU
008 - FIXED-LENGTH DATA ELEMENTS--GENERAL INFORMATION
fixed length control field 181216s||||||||xx |||||||||||||| ||und||
040 ## - CATALOGING SOURCE
Transcribing agency GE_BSU
080 ## - UNIVERSAL DECIMAL CLASSIFICATION NUMBER
Universal Decimal Classification number 665.63(035.5)
100 ## - MAIN ENTRY--PERSONAL NAME
Personal name Рябинович,Г.П. Рябых,П.М. Хохряков,П.А.
245 ## - TITLE STATEMENT
Title Расчеты основных процессов и апаратов нефтепереработки.
245 ## - TITLE STATEMENT
Remainder of title Справочник.
245 ## - TITLE STATEMENT
Statement of responsibility, etc. Под ред. Е.Н.Судакова.
250 ## - EDITION STATEMENT
Edition statement Изд 3-ое. перераб. и доп.
260 ## - PUBLICATION, DISTRIBUTION, ETC.
Place of publication, distribution, etc. М.
260 ## - PUBLICATION, DISTRIBUTION, ETC.
Name of publisher, distributor, etc. Химия.
260 ## - PUBLICATION, DISTRIBUTION, ETC.
Date of publication, distribution, etc. 1979.
300 ## - PHYSICAL DESCRIPTION
Extent 568 стр. с илл.
653 ## - INDEX TERM--UNCONTROLLED
Uncontrolled term Расчеты основных процессов и апаратов нефтепереработки.
942 ## - ADDED ENTRY ELEMENTS (KOHA)
Koha item type წიგნი
ეგზემპლარები
Withdrawn status Lost status Damaged status Not for loan Date acquired Barcode Date last seen Price effective from Koha item type
        2018-12-17 9478 2018-12-17 2018-12-17 წიგნი
        2018-12-17 9479 2018-12-17 2018-12-17 წიგნი
        2018-12-17 9480 2018-12-17 2018-12-17 წიგნი